Normal view MARC view

Entry Personal Name

Number of records used in: 15

001 - CONTROL NUMBER

  • control field: 25868

003 - CONTROL NUMBER IDENTIFIER

  • control field: dpl

005 - DATE AND TIME OF LATEST TRANSACTION

  • control field: 20110211130022.0

008 - FIXED-LENGTH DATA ELEMENTS

  • fixed length control field: 110211|||a|||||| | ||| d

040 ## - CATALOGING SOURCE

  • Original cataloging agency: dpl
  • Transcribing agency: dpl

100 ## - HEADING--PERSONAL NAME

  • Personal name: म्हात्रे,विद्या

670 ## - SOURCE DATA FOUND

  • Source citation: Work cat.: (dpl): म्हात्रे,विद्या, माहेरच्या पाककृती , 2010

670 ## - SOURCE DATA FOUND

  • Source citation: Work cat.: (dpl): म्हात्रे,विद्या, माहेरच्या पाककृती , 2010

© Delhi Public Library
Hit Counter
free hit counter